| 000 | 00447nam a2200145 i 4500 | ||
|---|---|---|---|
| 001 | bg | ||
| 245 | 0 |
_aAnaliza wartości w budowie maszyn : _bOgólnopolska Konferencja Naukowa, Gorzów Wlkp. 14 grudnia 1984 / _c[red. nauk. Tadeusz Zaborowski]. |
|
| 260 |
_aGorzow Wlkp., _c1984. |
||
| 700 | 1 |
_aZaborowski, Tadeusz. _eRed. |
|
| 040 | _cBPK | ||
| 041 | _apol | ||
| 080 | _a658:621:338.5 | ||
| 942 | _cKS | ||
| 008 | s pl f |000 0 pol | ||
| 999 |
_c28237 _d28237 |
||
| 856 |
_uhttp://koha.tu.koszalin.pl/cgi-bin/koha/opac-detail.pl?biblionumber=28237 _yKatalog online BPK |
||